Relation Auß dem Parnasso deß Trajani Boccalini an den Avlvm Gallionem : Am 1. Decembr. Deß 1674. Jahrs geschrieben, und hält in sich Den gewonnenen Ausgang, und den plötzlichen Fall der grossen Macht Deß Wenceslai, Herzogs von Sagan, Fürstens zu Lobkowitz am Kaiserlichen Hofe gewesen Ober Hofmeisters geheimen Raths, und jezo Ex-Praeses in Schlesien

Hlavní autor: Boccalini, Traiano, 1556-1613
Další autoři: <<z >>Lobkovic, Václav Eusebius, kníže, 1609-1677
Jazyk: Latina
Vydáno: [S.l. : s.n.], 1675
Témata:
Fyzický popis: 39 s. ; 4°
Knihy
Uloženo v:
LEADER 01346nam a2200325 a 4500
001 mzk03001066205
003 CZ BrMZK
005 20081010083231.0
007 ta
008 081010s1675 xx fr|||||00| ||latod
040 |a BOA001  |b cze 
072 7 |a 094  |x Staré tisky  |2 Konspekt  |9 12 
080 |a (0.068)094  |2 MRF 
100 1 |a Boccalini, Traiano,  |d 1556-1613  |7 ola2002153392  |4 aut 
245 1 0 |a Relation Auß dem Parnasso deß Trajani Boccalini an den Avlvm Gallionem :  |b Am 1. Decembr. Deß 1674. Jahrs geschrieben, und hält in sich Den gewonnenen Ausgang, und den plötzlichen Fall der grossen Macht Deß Wenceslai, Herzogs von Sagan, Fürstens zu Lobkowitz am Kaiserlichen Hofe gewesen Ober Hofmeisters geheimen Raths, und jezo Ex-Praeses in Schlesien 
260 |a [S.l. :  |b s.n.],  |c 1675 
300 |a 39 s. ;  |c 4° 
500 |a Výzdoba: Vlys, iniciála, viněta 
501 |a Přívazek 1 k: Teutschlandes Warhafftes Interesse ... 
510 3 |a VD17 
655 7 |a staré tisky  |7 fd422076  |2 czenas 
700 1 |a <<z >>Lobkovic, Václav Eusebius,  |c kníže,  |d 1609-1677  |4 dte 
903 |a RP 
910 |a BOA001  |b ST1-0008.097,přív.1 
978 |b S.n.  |a s.l.  |c 1675 
985 |a 1651-1700 
990 |a BK 
993 |a Y 
991 |k mzk 
994 |a UP  |l MZK03  |b 000415656  |m přívazek 1  |n záznam 1. díla (pro objednání pokračujte kliknutím)